00601 2200229 4500001002100000005001700021008004100038035002400079082001000103090001700113100002100130245004300151260002600194300002500220500002700245650003400272700001700306850001200323980001500335985000600350999001500356YOGYA-0209000005945920090227034636.0 ind  0010-020900000059459 a823.9 a823.9bHag A aHAGGARD, H Rider aAyeshacH. Rider Haggard; J.B. Foreman aLondonbCollingc1957 a350 hlmbilusc18 cm aBibliografi : hlm. 350 aKesusastraan Inggris - Cerita aForeman, J.B aYOPDYOG a05-08-2008 a1 ab000004836